|
|
|
|
| LEADER |
00000caa a22000002c 4500 |
| 001 |
1525989391 |
| 003 |
DE-627 |
| 005 |
20220604105101.0 |
| 007 |
tu |
| 008 |
160223s2003 xx ||||| 00| ||eng c |
| 020 |
|
|
|a 3930982811
|
| 035 |
|
|
|a (DE-627)1525989391
|
| 035 |
|
|
|a (DE-576)455989397
|
| 035 |
|
|
|a (DE-599)BSZ455989397
|
| 040 |
|
|
|a DE-627
|b ger
|c DE-627
|e rakwb
|
| 041 |
|
|
|a eng
|
| 100 |
1 |
|
|a Takemura, Noriyoshi
|4 aut
|
| 245 |
1 |
0 |
|a Serious murders committed by juveniles in the postmodern condition: juvenile outburst, abrupt violence and jump/leap behaviour development
|c Noriyoshi Takemura
|
| 264 |
|
1 |
|c 2003
|
| 336 |
|
|
|a Text
|b txt
|2 rdacontent
|
| 337 |
|
|
|a ohne Hilfsmittel zu benutzen
|b n
|2 rdamedia
|
| 338 |
|
|
|a Band
|b nc
|2 rdacarrier
|
| 773 |
0 |
8 |
|i In
|t Youth violence: new patterns and local responses - experiences in East an West
|d Mönchengladbach : Forum Verlag Godesberg, 2003
|g (2003), Seite 373-398
|h XVI, 821 S.
|w (DE-627)367211696
|w (DE-576)107500604
|z 3930982811
|7 nnam
|
| 773 |
1 |
8 |
|g year:2003
|g pages:373-398
|
| 935 |
|
|
|a mkri
|
| 951 |
|
|
|a AR
|
| ELC |
|
|
|b 1
|
| LOK |
|
|
|0 000 xxxxxcx a22 zn 4500
|
| LOK |
|
|
|0 001 2899484893
|
| LOK |
|
|
|0 003 DE-627
|
| LOK |
|
|
|0 004 1525989391
|
| LOK |
|
|
|0 005 20260216142547
|
| LOK |
|
|
|0 008 160208||||||||||||||||ger|||||||
|
| LOK |
|
|
|0 040
|a DE-21-110
|c DE-627
|d DE-21-110
|
| LOK |
|
|
|0 689
|a g
|a Japan
|
| LOK |
|
|
|0 689
|a s
|a Tötungsdelikte
|
| LOK |
|
|
|0 689
|a s
|a Jugendtäter
|
| LOK |
|
|
|0 689
|a s
|a Täterpersönlichkeit
|
| LOK |
|
|
|0 689
|a s
|a Postmoderne
|
| LOK |
|
|
|0 689
|a s
|a Adoleszenzkrise
|
| LOK |
|
|
|0 852
|a DE-21-110
|
| LOK |
|
|
|0 852 1
|m p
|9 00
|
| LOK |
|
|
|0 935
|a k110
|
| LOK |
|
|
|0 938
|k p
|
| LOK |
|
|
|0 939
|a 08-02-16
|b l01
|
| ORI |
|
|
|a WA-MARC-krimdoka001.raw
|